| Поле | Название | Значение |
| |
Тип записи |
a |
| |
Библиографический уровень |
m |
| 001 |
Контрольный номер |
RU/ГПНТБ России/EK/88.576/Г 37-092984371 |
| 005 |
Дата корректировки |
20250707090601.3 |
| 010 |
Индекс ISBN |
__ |
| a |
ISBN |
978-5-222-36170-2 |
| d |
Цена |
594-00 |
| 100 |
Данные общей обработки |
__ |
| a |
Данные общей обработки |
20230721d2021 mm y0rusy0289 |
| 101 |
Язык документа |
0_ |
| a |
Язык текста |
rus |
| 102 |
Страна публикации |
__ |
| a |
Страна публикации |
RU |
| 105 |
Кодированные данные (монография) |
__ |
| a |
Кодированные данные (монография) |
a zz 000yy |
| 181 |
Поле кодированных данных: вид содержания |
_0 |
| a |
Код вида содержания (ISBD) |
i |
| 182 |
Поле кодированных данных: тип средства |
_0 |
| a |
Код типа средства (ISBD) |
n |
| 200 |
Заглавие и сведения об ответственности |
1_ |
| a |
Заглавие |
Экологичный развод |
| e |
Сведения, относящиеся к заглавию |
как уберечь ребенка от травмы и выйти из кризиса самому |
| f |
Первые сведения об ответственности |
Татьяна Герасименко |
| 210 |
Выходные данные |
1_ |
| a |
Место издания |
Ростов-на-Дону |
| c |
Издательство |
Феникс |
| d |
Дата издания |
2021 |
| 215 |
Физическое описание |
__ |
| a |
Объем |
235, [1] с. |
| c |
Иллюстрации/тип воспроизводства |
ил. |
| 225 |
Серия (Журнальная рубрика) |
2_ |
| a |
Серия (Журнальная рубрика) |
Серия "Психология" |
| 300 |
Общие примечания |
__ |
| a |
Общие примечания |
На обложке: Татьяна Герасименко - судебный клинический психолог |
| 330 |
Аннотация |
__ |
| a |
Аннотация |
В этой книге описаны механизмы поведения детей и взрослых в период развода, даны четкие советы и рекомендации, как поступать в трудной ситуации. Вы увидите, что на самом деле скрывается за агрессивностью детей и отказом бывших сотрудничать. Вы найдете здесь рекомендации, как сохранить спокойствие детей. Отдельная часть книги посвящена внутреннему кризису взрослого человека, оказавшегося в данной ситуации. Книга будет полезна всем, кто пережил или переживает распад семьи, кто хочет оградить детей от травмы, а также семейным, детским, клиническим психологам. |
| 333 |
Примечание о целевом назначении |
__ |
| a |
Примечание о целевом назначении |
0+ |
| 606 |
Тематические рубрики |
__ |
| a |
Основная рубрика |
Психология |
| 606 |
Тематические рубрики |
__ |
| a |
Основная рубрика |
Психология социальных институтов |
| 606 |
Тематические рубрики |
__ |
| a |
Основная рубрика |
Детская психология |
| 610 |
Ключевые слова |
0_ |
| a |
Ключевые слова |
психологические травмы |
| a |
Ключевые слова |
психология семьи |
| a |
Ключевые слова |
психология брака |
| a |
Ключевые слова |
семейные конфликты |
| a |
Ключевые слова |
советы психолога |
| a |
Ключевые слова |
разводы (психология) |
| a |
Ключевые слова |
дети и родители |
| a |
Ключевые слова |
агрессивность детская |
| 686 |
Индексы других классификаций |
__ |
| a |
Индекс ББК |
88.57 |
| 686 |
Индексы других классификаций |
__ |
| a |
Индекс ББК |
88.41 |
| 700 |
Автор |
_1 |
| a |
Фамилия |
Герасименко |
| b |
Имя |
Т. С. |
| g |
Полное личное имя |
Татьяна Сергеевна |
| 4 |
Код отношения |
070 |
| 801 |
Источник записи |
0A |
| 8 |
|
U |
| 8 |
|
BПензенская ОБ |
| 8 |
|
C20220414 |
| 8 |
|
Grcr |
| 801 |
Источник записи |
1A |
| 8 |
|
U |
| 8 |
|
BПензенская ОБ |
| 8 |
|
C20220414 |
| 8 |
|
Grcr |
| 2 |
Код формата |
rusmarc |
| 801 |
Источник записи |
_0 |
| b |
Организация |
ГПНТБ России |
| a |
Страна |
RU |
| c |
Дата составления |
20230721 |
| 801 |
Источник записи |
_1 |
| b |
Организация |
ГПНТБ России |
| a |
Страна |
RU |
| c |
Дата составления |
20230721 |
| 801 |
Источник записи |
_1 |
| a |
Страна |
RU |
| b |
Организация |
Центральная районная библиотека им. Г. А. Пирожникова |
| c |
Дата составления |
20230728 |
| 852 |
Данные о местонахождении |
__ |
| j |
Шифр хранения |
88.57 |
| i |
Авторский знак |
Г 37 |
| 901 |
Тип документа |
__ |
| t |
Тип документа |
m |
| 902 |
Роль лиц |
__ |
| b |
Редактор БЗ |
ОКиО/Шумских |